000 01066cab a2200277 4500
001 ABS47993
008 090401t1993 xxu||||| |||| 00| 0 eng d
035 _a(Sirsi) u64339
041 _aeng
245 _aCommercial property values: forecasts from the London Business School - Royal Institution of Chartered Surveyors model
260 _c1993
350 _a0
490 _aEconomic Outlook
_v17(5) February 1993, 28-29(2)
520 _aA second forecast of commercial property prices based on this model, which predicts an even weaker recovery than did the first. However, better long-term prospects are anticipated.
650 _aCAPITAL VALUES
650 _aCOMMERCIAL PROPERTY PRICES
650 _aFORECASTS
650 _aIPD MONTHLY INDEX
650 _aLBS / RICS COMMERCIAL PROPERTY MODEL
650 _aLONDON BUSINESS SCHOOL
650 _aRICS / LBS COMMERCIAL PROPERTY MODEL
690 _aPROPERTY-COMMERCIAL PROPERTY-COMMERCIAL PROPERTY FINANCE AND INVESTMENT
690 _aFINANCE AND INVESTMENT
942 _n0
948 _c04/03/1997
999 _c40069
_d40069